00508 2200181 4500001002100000005001500021008004100036020002200077035001900099041000700118082001000125090001600135100001900151245008400170260003100254300001400285650002700299INLIS00000000001049220241224114017241224||||||||| | ||| |||| || |  a978-602-7929-39-5 0010-1224010492 aid0 a618.2 a618.2 NUR p0 anurul chomaria00aPanduan Super Lengkap Kehamilan Kelahiran dan Tumbuh Kembang Anak Bagi Muslimah aSurakartabahad bookc2013 a473 Hal;; 0aBuku Panduan Kehamilan